| 000 | 01356cam a2200361 i 4500 | ||
|---|---|---|---|
| 999 |
_c28060 _d28031 |
||
| 001 | 19771736 | ||
| 003 | EG-ScBUE | ||
| 005 | 20200212124144.0 | ||
| 008 | 170706t2019 mau f b 001 0 eng d | ||
| 020 | _a9781337406451 | ||
| 020 | _a1337406457 | ||
| 040 |
_aDLC _beng _erda _cDLC _dDLC _dEG-ScBUE |
||
| 082 | 0 | 4 |
_a658.404 _bKLO _222 |
| 100 | 1 |
_aKloppenborg, Timothy J., _d1953- _eauthor. _939351 |
|
| 245 | 1 | 0 |
_aContemporary project management : _borganize, lead, plan, perform / _cTimothy J. Kloppenborg, Xavier University, Vittal Anantatmula, Western Carolina University, Kathryn N. Wells, Keller Williams Real Estate. |
| 250 | _aFourth edition. | ||
| 264 | 1 |
_aBoston, MA : _bCengage Learning, _c[2019] |
|
| 264 | 4 | _cc2019 | |
| 300 |
_axxx, 546 pages : _bcolor illustrations ; _c26 cm |
||
| 336 |
_atext _btxt _2rdacontent |
||
| 337 |
_aunmediated _bn _2rdamedia |
||
| 338 |
_avolume _bnc _2rdacarrier |
||
| 500 | _aIncludes appendices. | ||
| 504 | _aIncludes bibliographical references and index. | ||
| 650 | 7 |
_aProject management. _2BUEsh |
|
| 653 |
_bHHUUEENN _cFebruary2020 |
||
| 655 |
_vReading book _934232 |
||
| 700 | 1 |
_aAnantatmula, Vittal S., _d1955- _eauthor. |
|
| 700 | 1 |
_aWells, Kathryn N., _eauthor. |
|
| 906 |
_a7 _bcbc _corignew _d2 _eepcn _f20 _gy-gencatlg |
||
| 942 |
_2ddc _cBB |
||